| 000 | 00544nam a22001697a 4500 | ||
|---|---|---|---|
| 008 | 230704b |||||||| |||| 00| 0 eng d | ||
| 020 | _a81-88060-23-2 | ||
| 040 |
_aNational Science Library _cNational Science Library |
||
| 080 |
_a82-32 P5 _bP5 |
||
| 100 | _aKumar, Sushil | ||
| 245 | _aश्रेष्ठ सांस्कृतिक कहानियाँ | ||
| 246 | _aShrestha sanskritik kahaniyan | ||
| 260 |
_aNew Delhi: _bSunil Sahitya Sadan, _c2005 |
||
| 300 | _a176p. | ||
| 650 | _aHindi literature | ||
| 942 |
_2udc _cHBK |
||
| 999 |
_c49210 _d49210 |
||